000 00575nam a2200193Ia 4500
005 20260120124504.0
008 008 260114s9999 xx 000 0 eng d
020 _a9781787545380
037 _aEBOOK
040 _aCRL
_beng
_cCRL
041 _aeng
_2eng
084 _qCRL
245 0 _aSelf-Study of Language and Literacy Teacher Education Practices
260 _bEmerald Publishing
_c2018
700 _aJudy Sharkey
_9907035
856 _uhttps://www.emerald.com/insight/publication/doi/10.1108/S1479-3687201830
942 _cEBOOK
999 _c1498722
_d1498722